000 00348nam a2200157Ia 4500
008 230605s2005 xx 000 0 und d
041 _aeng
100 _aKasu
245 _aInterior design
260 _bAshish book mumbai
_c2005
_c2005
300 _a701
365 _b1596
_h20
500 _a163
520 _aReference Copy
650 _aH.K.
999 _c418175
_d418175